Physica Status Solidi. Serie B. Vol. 49-54; Physica Status Solidi. Serie A. Vol. 9-14 (1972); Subject and Author Index

Dades bibliogràfiques
Parent link:Subject and Author Index: journal. Physica Status Solidi. Serie B. Vol. 49-54; Physica Status Solidi. Serie A. Vol. 9-14 (1972).— , 1971-1990.— 0370-1972
Idioma:anglès
Publicat: 1972
Format: MixedMaterials Llibre
KOHA link:https://koha.lib.tpu.ru/cgi-bin/koha/opac-detail.pl?biblionumber=581976

MARC

LEADER 00000nam2a2200000 4500
001 581976
005 20231101130806.0
035 |a (RuTPU)RU\TPU\prd\282163 
035 |a RU\TPU\prd\282161 
090 |a 581976 
100 |a 20181220a19711990m u0engy50 ba 
101 0 |a eng 
102 |a DE 
200 0 |a Physica Status Solidi. Serie B. Vol. 49-54; Physica Status Solidi. Serie A. Vol. 9-14 (1972) 
210 |d 1972 
461 1 |0 (RuTPU)RU\TPU\prd\327  |x 0370-1972  |t Subject and Author Index  |o journal  |v Physica Status Solidi. Serie B. Vol. 49-54; Physica Status Solidi. Serie A. Vol. 9-14 (1972)  |d 1971-1990 
801 0 |a RU  |b 63413507  |c 20010227  |g PSBO 
801 1 |a RU  |b 63413507  |c 20080423  |g PSBO 
801 2 |a RU  |b 63413507  |c 20181221  |g PSBO 
942 |c BK 
999 |a НТБ_ТПУ  |b НФ  |e -14/20150209  |p П-4623b  |u 0,00  |v 2